Pokémon X et Y - Tous les endroits de Kalos - Statistiques

Statistiques générales
  • Ce quiz a été pris 21 fois
    18 depuis la dernière actualisation
  • Le résultat moyen est 32 sur 58
Statistiques - réponses
Endroits de Kalos à explorer dans Pokémon X et Y % Correct
Illumis
88%
Bourg Croquis
81%
Route 1
81%
Route 2
75%
Route 3
75%
Route 4
75%
Route 5
75%
Route 6
75%
Ligue Pokémon
69%
Romant-sous-Bois
69%
Route 10
69%
Route 11
69%
Route 12
69%
Route 13
69%
Route 14
69%
Route 15
69%
Route 16
69%
Route 17
69%
Route 18
69%
Route 19
69%
Route 20
69%
Route 21
69%
Route 22
69%
Route 7
69%
Route 8
69%
Route 9
69%
Yantreizh
69%
Cromlac'h
63%
Forêt de Neuvartault
63%
Fort Vanitas
63%
Neuvartault
63%
Route Victoire
63%
Flusselles
56%
Grotte Coda
56%
Mozheim
56%
Relifac-le-Haut
56%
Roche-sur-Gliffe
56%
Caverne Gelée
50%
Grotte Miroitante
50%
La Frescale
50%
Palais Chaydeuvre
50%
Port Tempères
50%
Auffrac-les-Congères
44%
Quarellis
44%
Antre Néréen
38%
Batisques
38%
Cave Connecterre
38%
Centrale de Kalos
38%
Grotte Etincelante
38%
Village Pokémon
38%
Usine de Poké Balls
31%
Labos Lysandre
25%
Baie Azur
19%
Chambre Néant
19%
Grotte Inconnue
19%
Hôtel Désolation
19%
Repaire Team Flare
19%
Maison de Combat
6%
Aucun quiz correspondant
Distribution des résultats
% des personnes avec chaque résultat
Percentile par nombre de réponses
Votre historique - résultats
Vous n’avez pas pris ce quiz depuis la dernière actualisation